|
|
|
|
| LEADER |
00000nam2a2200000 4500 |
| 001 |
271582 |
| 005 |
20231101234442.0 |
| 035 |
|
|
|a (RuTPU)RU\TPU\book\294783
|
| 090 |
|
|
|a 271582
|
| 100 |
|
|
|a 20141009d1987 k y0rusy50 ca
|
| 101 |
0 |
|
|a rus
|
| 102 |
|
|
|a RU
|
| 105 |
|
|
|a y z 001zc
|
| 200 |
0 |
|
|a Т. 1 : Из произведений К. Маркса и Ф. Энгельса 1842 - 1857 гг.
|
| 210 |
|
|
|d 1987
|
| 215 |
|
|
|a 479 с.
|
| 320 |
|
|
|a Примечания: с. 418-474
|
| 461 |
|
1 |
|0 (RuTPU)RU\TPU\book\306044
|y 5-250-00598-5
|t О коммунистической общественной формации
|o в 4 т.
|f К. Маркс, Ф. Энгельс, В. И. Ленин
|g Институт марксизма-ленинизма (ИМЛ) ; сост. В. П. Кузьмин
|v Т. 1 : Из произведений К. Маркса и Ф. Энгельса 1842 - 1857 гг.
|d 1987-
|
| 600 |
|
1 |
|a Маркс
|g Карл
|b К.
|c немецкий мыслитель
|c общественный деятель
|c основоположник марксизма
|f 1818-1883
|2 stltpush
|3 (RuTPU)RU\TPU\pers\297
|
| 600 |
|
1 |
|a Энгельс
|g Фридрих
|b Ф.
|c немецкий мыслитель и общественный деятель
|c один из основоположников марксизма
|f 1820-1895
|2 stltpush
|3 (RuTPU)RU\TPU\pers\530
|
| 606 |
1 |
|
|a Маркс К. Энгельс Ф.
|x Избранные произведения, письма
|2 stltpush
|3 (RuTPU)RU\TPU\subj\39694
|9 59655
|
| 610 |
1 |
|
|a немецкая философия
|
| 610 |
1 |
|
|a коммунистическая формация
|
| 610 |
1 |
|
|a письма
|
| 610 |
1 |
|
|a марксизм-ленинизм
|
| 610 |
1 |
|
|a классики
|
| 686 |
|
|
|a Ю3(0)6-602.124
|v LBC/SL-A
|2 rubbk
|
| 801 |
|
1 |
|a RU
|b 63413507
|c 20141009
|
| 801 |
|
2 |
|a RU
|b 63413507
|c 20170314
|g RCR
|
| 942 |
|
|
|c BK
|